Normal view
MARC view
- SMART, SCOTT B , MEGGINSON, WILLIAM L , GITMAN, LAWRENCE J
Entry Personal Name
001 - CONTROL NUMBER
- control field: 35753
003 - CONTROL NUMBER IDENTIFIER
- control field: NUST
005 - DATE AND TIME OF LATEST TRANSACTION
- control field: 20210225111557.0
008 - FIXED-LENGTH DATA ELEMENTS
- fixed length control field: 210225|| aca||aabn | a|a d
040 ## - CATALOGING SOURCE
- Original cataloging agency: NUST
- Transcribing agency: NUST
100 ## - HEADING--PERSONAL NAME
- Personal name: SMART, SCOTT B , MEGGINSON, WILLIAM L , GITMAN, LAWRENCE J
670 ## - SOURCE DATA FOUND
- Source citation: Work cat.: (NUST): SMART, SCOTT B , MEGGINSON, WILLIAM L , GITMAN, LAWRENCE J, CORPORATE FINANCE, 2004
